| 000 | 00594nam a22002055a 4500 | ||
|---|---|---|---|
| 005 | 20170418143758.0 | ||
| 008 | 170418s2017 deu fr 000 0 eng d | ||
| 020 | _a9781636000381 | ||
| 040 |
_aEG-ScBUE _beng _cEG-ScBUE _dEG-ScBUE |
||
| 082 | 0 | 4 |
_222 _a335.83 _bGOL |
| 100 | 1 |
_aGoldman, Emma, _d1869-1940. |
|
| 245 | 1 | 0 |
_aAnarchism and other essays / _cby Emma Goldman. |
| 260 |
_aMiddletown : _bLoki's Publishing, _c2017. |
||
| 300 |
_a135 p. ; _c24 cm. |
||
| 650 | 7 |
_2BUEsh _aAnarchism. |
|
| 650 | 7 |
_2BUEsh _912362 _aFeminism. |
|
| 651 | _2BUEsh | ||
| 653 |
_bBUSBOL _cApril2017 |
||
| 942 | _2ddc | ||
| 999 |
_c24671 _d24643 |
||